Právní úprava činnosti zprostředkovatelů a rozhodců v České republice.

Výklad k vyhláške Ministerstva práce a sociálních věcí Českej republiky z 3. januára 1991 č.16/1991 Sb. o sprostredkovateľoch, arbitroch a kolektívnych zmluvách vyššieho typu. Zoznamy sprostredkovateľov a arbitrov, ich výber a odborné znalosti. Odovzdanie a ukladanie kolektívnych zmlúv vyššieho typu...

Full description

Saved in:
Bibliographic Details
Main Author: Týc, Jaroslav
Other Authors: Michal, P., Sládek, V.
Format: Book Chapter
Language:Czech
Subjects:
Tags: Add Tag
No Tags, Be the first to tag this record!

MARC

LEADER 00000naa a2200000 4500
001 r004170
005 20221125081031.3
041 0 |a cze 
044 |a [CS] 
245 1 0 |a Právní úprava činnosti zprostředkovatelů a rozhodců v České republice.  |c Jaroslav Týc, P. Michal, V. Sládek 
520 |a Výklad k vyhláške Ministerstva práce a sociálních věcí Českej republiky z 3. januára 1991 č.16/1991 Sb. o sprostredkovateľoch, arbitroch a kolektívnych zmluvách vyššieho typu. Zoznamy sprostredkovateľov a arbitrov, ich výber a odborné znalosti. Odovzdanie a ukladanie kolektívnych zmlúv vyššieho typu. 
610 2 0 |a vyhlášky 
610 2 0 |a 1991 
610 2 0 |a zmluvy kolektívne 
610 2 0 |a arbitráž 
610 2 0 |a Čechy 
100 1 |a Týc, Jaroslav 
700 1 |a Michal, P. 
700 1 |a Sládek, V.